Sound : (Record no. 71799)
[ view plain ]
| 000 -LEADER | |
|---|---|
| fixed length control field | 00750nam a2200229 a 4500 |
| 001 - CONTROL NUMBER | |
| control field | 71799 |
| 003 - CONTROL NUMBER IDENTIFIER | |
| rucl marc code | BD-RjUL |
| 005 - DATE AND TIME OF LATEST TRANSACTION | |
| control field | 20211209082149.0 |
| 008 - FIXED-LENGTH DATA ELEMENTS--GENERAL INFORMATION | |
| fixed length control field | 170508r19611953nyua b 001 0 eng |
| 035 ## - SYSTEM CONTROL NUMBER | |
| System control number | (BD-RjUL)72015 |
| 040 ## - CATALOGING SOURCE | |
| Original cataloging agency | DLC |
| Transcribing agency | WVH |
| Modifying agency | BD-RjUL |
| Language of cataloging | eng |
| 041 ## - LANGUAGE CODE | |
| Language code of text/sound track or separate title | eng |
| 082 ## - DEWEY DECIMAL CLASSIFICATION NUMBER | |
| Edition number | 23 |
| Classification number | 534 |
| Author mark and year | RIS 1961 |
| 100 1# - MAIN ENTRY--PERSONAL NAME | |
| Personal name | Richardson, E. G. |
| Fuller form of name | (Edward Gick), |
| Dates associated with a name | 1896-1960. |
| 9 (RLIN) | 155865 |
| 245 10 - TITLE STATEMENT | |
| Title | Sound : |
| Remainder of title | a physical text-book / |
| Statement of responsibility, etc. | by E.G. Richardson ... |
| 260 ## - PUBLICATION, DISTRIBUTION, ETC. (IMPRINT) | |
| Place of publication, distribution, etc. | New York : |
| Name of publisher, distributor, etc. | Longmans, Green & Co. ; |
| Place of publication, distribution, etc. | London : |
| Name of publisher, distributor, etc. | E. Arnold & Co., |
| Date of publication, distribution, etc. | 1953, [reprinted 1961] |
| 300 ## - PHYSICAL DESCRIPTION | |
| Pagination | vii, 286 p. : |
| Illustrations | ill. ; |
| Size | 22 cm. |
| 500 ## - GENERAL NOTE | |
| General note | Printed in Great Britain. |
| 504 ## - BIBLIOGRAPHY, ETC. NOTE | |
| Bibliography, etc | Includes bibliographical footnotes and index. |
| 650 #0 - SUBJECT ADDED ENTRY--TOPICAL TERM | |
| Topical term or geographic name as entry element | Sound. |
| 9 (RLIN) | 212404 |
| 942 ## - ADDED ENTRY ELEMENTS (KOHA) | |
| Source of classification or shelving scheme | Dewey Decimal Classification |
| Koha item type | Books |
| Lost status | Source of classification or shelving scheme | Damaged status | Not for loan | Collection code | Permanent Location | Current Location | Shelving location | Date acquired | Source of acquisition | Cost, normal purchase price | Total Checkouts | Full call number | Date last seen | Copy number | Koha item type |
|---|---|---|---|---|---|---|---|---|---|---|---|---|---|---|---|
| Dewey Decimal Classification | Not For Loan | Non-fiction | Central Library, University of Rajshahi | Central Library, University of Rajshahi | Reading Room | 04/11/1965 | Zeithlinger. | 25.00 | 534 RIS 1961 | 08/05/2017 | C-1 | Books |